The lighting of building sites and works of engineering construction.

Bibliographic Details
Corporate Author: Illuminating Engineering Society, London
Format: Book
Language:English
Published: London, [publisher not identified] ; 1962.
Series:I.E.S. technical report ; no. 3.
Subjects:

MARC

Tag First Indicator Second Indicator Subfields
LEADER 00000cam a2200000 4500
001 in00000099829
005 20150924160533.0
008 800328s1962 enka 00000 eng d
035 |a (OCoLC)06141059 
035 |9 AAL0454AM 
040 |a TXA  |c TXA  |d UtOrBLW 
049 |a TXAM  |c [1332925] 
090 |a TH7700.I4  |b A14 no. 3, 1966 
110 2 |a Illuminating Engineering Society, London. 
245 1 4 |a The lighting of building sites and works of engineering construction. 
264 1 |a London,  |b [publisher not identified] ;  |c 1962. 
300 |a 16 pages :  |b illustrations 
336 |a text  |b txt  |2 rdacontent 
337 |a unmediated  |b n  |2 rdamedia 
338 |a volume  |b nc  |2 rdacarrier 
490 1 |a Illuminating Engineering Society, London. IES technical report,  |v no. 3 
650 0 |a Electric lighting. 
650 0 |a Lighting. 
650 0 |a Building sites. 
830 0 |a I.E.S. technical report ;  |v no. 3. 
999 |a MARS 
999 f f |s 0448cdd7-9f57-3547-b1a5-fa06122b3887  |i 4b375cb8-cdf1-322d-91d8-064e7c9bf7e7  |t 0 
952 f f |p ric  |a Texas A&M University  |b Rellis Campus  |c Joint Library Facility  |d Remote Storage  |t 0  |e TH7700.I4 A14 no. 3, 1966  |h Library of Congress classification  |i unmediated -- volume  |m A14805416766 
998 f f |a TH7700.I4 A14 no. 3, 1966  |t 0  |l Remote Storage